000
00349pam a2200157a 44500
008
230515b2013 xxu||||| |||| 00| 0 eng d
020
_a
9780070472686
041
_a
ENGLISH
082
_a
0
100
_a
MUKESH SINGHAL
245
_a
OPERATING SYSTEM
250
_a
0
260
_a
DEHLI
_b
MACGRAW HILL
_c
2013
300
_a
822
650
_a
NULL
999
_c
607179
_d
607179